|
|
|
|
| LEADER |
01368nam a22003734a 4500 |
| 001 |
EBC416020 |
| 003 |
MiAaPQ |
| 005 |
20200520144314.0 |
| 006 |
m o d | |
| 007 |
cr cn||||||||| |
| 008 |
060619s2006 nyu s 001 0 eng |
| 010 |
|
|
|z 2006019918
|
| 020 |
|
|
|z 9780199260799 (alk. paper)
|
| 020 |
|
|
|z 0199260796 (alk. paper)
|
| 035 |
|
|
|a (MiAaPQ)EBC416020
|
| 035 |
|
|
|a (Au-PeEL)EBL416020
|
| 035 |
|
|
|a (CaPaEBR)ebr10271601
|
| 035 |
|
|
|a (CaONFJC)MIL75365
|
| 035 |
|
|
|a (OCoLC)437096445
|
| 040 |
|
|
|a MiAaPQ
|c MiAaPQ
|d MiAaPQ
|
| 050 |
|
4 |
|a HD2326
|b .U535 2006
|
| 082 |
0 |
4 |
|a 338.5
|2 22
|
| 245 |
0 |
0 |
|a Understanding the firm
|h [electronic resource] :
|b spatial and organizational dimensions /
|c edited by Michael Taylor and Pivi Oinas.
|
| 260 |
|
|
|a New York :
|b Oxford University Press,
|c 2006.
|
| 300 |
|
|
|a viii, 279 p.
|
| 500 |
|
|
|a Includes index.
|
| 533 |
|
|
|a Electronic reproduction. Ann Arbor, MI : ProQuest, 2015. Available via World Wide Web. Access may be limited to ProQuest affiliated libraries.
|
| 650 |
|
0 |
|a Industrial organization (Economic theory)
|
| 650 |
|
0 |
|a Institutional economics.
|
| 655 |
|
4 |
|a Electronic books.
|
| 700 |
1 |
|
|a Taylor, Michael,
|d 1946 Feb. 28-
|
| 700 |
1 |
|
|a Oinas, Paivi.
|
| 710 |
2 |
|
|a ProQuest (Firm)
|
| 856 |
4 |
0 |
|u https://ebookcentral.proquest.com/lib/matrademy/detail.action?docID=416020
|z Click to View
|